| 000 | 00585nam a2200181Ia 4500 | ||
|---|---|---|---|
| 003 | GCL | ||
| 008 | 140319s9999 xx 000 0 ara d | ||
| 040 |
_aGCL / _cGCL |
||
| 082 | 0 | 4 |
_a822.008 _bع ا |
| 100 | 1 | _aعزة كرارة | |
| 245 | 1 | 0 |
_aابن ادم : تمثيلية اخلاقية من العصور الوسطى / _cعزة كرارة |
| 300 | _a160 ص | ||
| 490 | _a | ||
| 650 | 0 | 4 | _aالمسرحيات الانجليزية المترجمة |
| 650 | 0 | 4 | _aالادب العالمى المترجم |
| 650 | 0 | 4 | _aالادب الانجليزى القديم |
| 942 |
_2ddc _cBK |
||
| 999 |
_c45740 _d45740 |
||